00686nam a2200193 a 450000100060000000300090000600800410001502000150005604000280007108200160009910000270011524500310014226000270017330000100020050501760021065000450038665000400043165000210047122831CO-ViMGA141112s2004 ck r 000 u spa d a9701512014 aCO-ViMGAbspacCO-ViMGA04a005.3 C673g1 aCotelo Oñate, Carlos10aGuia de campo combustion 4 aMéxico : bAlfaomega a141p. aLas composiciones en 2D, Las composiciones en 3D, Animacion en texto, Mascaras en transparencias, Los objetos paint, UN poco de rotoscopia, L ainformacion en 3D de los RPT14aCOMBUSTION 4 ( PROGRAMA POR COMPUTADOR) 14aDISEÑO CON AYUDA DE COMPUTADORES 14aDISEÑO GRAFICO